Zpravodaj OV KSS AGITPROP. ONV - OPLH a Dom osvety Martin

Bibliographic Details
Corporate Authors: Dom osvety (Martin, Slovensko), Martin (Slovensko). Okresný národný výbor, Komunistická strana Slovenska. Okresný výbor Martin
Format: Journal
Language:Slovak
PhysicalDescription:2 roč. 30 x 21 cm
Published: Martin OV KSS agitačno-propagačné odd. v Martine ONV v Martine Dom osvety v Martine 1959-1960
Subjects:

MARC

LEADER 00000nas a22000001a 4500
001 vtls010300960
003 SK-MaSNL
005 20260228162908.0
008 110810d19591960xo wr p r 0 b0slo
015 |a SNBDS17XX9999 
015 |a 1975  |2 Balúnová 1945-60 
038 |a SNKBUDS 
040 |a SNK  |b slo  |c SNK  |e AACR2 
041 0 |a slo 
044 |a xo  |c SK 
080 |a 32.019.5  |2 2001 
245 0 0 |a Zpravodaj  |b OV KSS AGITPROP. ONV - OPLH a Dom osvety Martin 
260 |a Martin  |b OV KSS agitačno-propagačné odd. v Martine  |b ONV v Martine  |b Dom osvety v Martine  |c 1959-1960 
300 |a 2 roč.  |c 30 x 21 cm 
310 |a 1x týždenne 
362 0 |a Č. 1 (19.9.1959)-č. 3 (21.3.1960) 
500 |a Vych. v Martine týždenne 
500 |a Red. sa neuvádza 
500 |a Vyd. OV KSS agitačno-propagačné odd., ONV a Dom osvety v Martine 
500 |a Tlač. rozmnož. cyklostylom 
500 |a Vych. od 19. sept. 1959. Posl. číslo v r. 1959 vyšlo 30. septembra. V r. 1960 pri príležitosti Okresnej konferencie KSS v Martine (čo je vyjadrené v podnázve) vyšli všetky 3 čísla postupne od 19. marca - 21. marca 1960 
505 8 0 |g Roč. 1959 3 č. po 4 s. 
505 8 0 |g Roč. 1960 3 č. po 2 s. 
650 0 7 |a politická propaganda  |2 SNKBUDS  |9 271812 
651 7 |a Martin (Slovensko : okres)  |2 SNKBUDS  |9 73088 
655 7 |a časopisy politických strán a hnutí  |2 SNKBUDS  |9 237919 
710 2 |a Dom osvety (Martin, Slovensko)  |9 175379 
710 1 |a Martin (Slovensko).  |b Okresný národný výbor  |9 183377 
710 2 |a Komunistická strana Slovenska.  |b Okresný výbor Martin  |9 183376 
852 |a SNK  |b 10000  |h ČSB 1327 
999 |c 8512  |d 10442